Giáo trình Hán văn Lý - Trần /
Gespeichert in:
| 1. Verfasser: | |
|---|---|
| Format: | Sách giấy |
| Sprache: | Vietnamese |
| Veröffentlicht: |
H. :
Đại học Quốc gia Hà Nội,
2001
|
| Ausgabe: | In lần thứ hai |
| Schlagworte: | |
| Tags: |
Tag hinzufügen
Keine Tags, Fügen Sie den ersten Tag hinzu!
|
| Thư viện lưu trữ: | Thư viện Trường Đại học Đà Lạt |
|---|
| LEADER | 00782nam a2200313 4500 | ||
|---|---|---|---|
| 001 | DLU060051163 | ||
| 003 | ##DLU | ||
| 005 | ##20060222 | ||
| 008 | ##021230t vn z000 vie d | ||
| 040 | # | # | |a DLU |b vie |
| 041 | # | # | |a vie |
| 044 | # | # | |a vn |
| 082 | # | # | |a 495.18 |b PH-K |
| 100 | # | # | |a Phạm Văn Khoái |
| 245 | # | # | |a Giáo trình Hán văn Lý - Trần / |c Phạm Văn Khoái |
| 250 | # | # | |a In lần thứ hai |
| 260 | # | # | |a H. : |b Đại học Quốc gia Hà Nội, |c 2001 |
| 300 | # | # | |a 304 tr. ; |c 21 cm |
| 650 | # | # | |a Hán học |v Giáo trình. |
| 923 | # | # | |a 65/2005 |
| 992 | # | # | |a 24.300 |
| 994 | # | # | |a DLU |
| 900 | # | # | |a True |
| 911 | # | # | |a Đào Thị Thu Huyền |
| 925 | # | # | |a G |
| 926 | # | # | |a A |
| 927 | # | # | |a SH |
| 980 | # | # | |a Thư viện Trường Đại học Đà Lạt |